Online Catalogue and eLibrary

Aiviyal koypatukalum ceyal muraikalum (Record no. 1000)

MARC details
000 -LEADER
fixed length control field 00235nam a2200097Ia 4500
008 - FIXED-LENGTH DATA ELEMENTS--GENERAL INFORMATION
fixed length control field 240331s9999 xx 000 0 und d
082 ## - DDC Classification
Class No. 300.72
Item Number - Author Mark GAN
100 ## - MAIN ENTRY--PERSONAL NAME
Personal name Ganesan, S.N
245 #0 - TITLE STATEMENT
Title Aiviyal koypatukalum ceyal muraikalum
942 ## - Koha item type (Biblio)
Koha item type Books in Stacks (Lending)
Holdings
Lost status Damaged status Collection code Home library Current library Shelving location Date acquired Full call number Accession Number Item type
    Lending WERC Library WERC Library Social Science Cupboard 03/31/2024 300.72 GAN 804 Books in Stacks (Lending)

© WERC Library